00519nam a22001817a 450000500170000001000340001702000260005103500140007703500130009103700130010408200080011710000160012524500580014126000310019927000450023030000200027550000420029520230427131152.0 aENG-121771 B-731150 a9788190299121c595.00 aEN-105303 aB-731150 bDBAD/PUB a921 aAjeet Jawed aGandhi:bstudy of a saint politician/cby Ajeet Jawed aNoidabFaizbooks.comc2016 aSapphire Arcade Sector-45bNoidae201301 a528p.c24cm(Hb) aIncludes bibliographical references